आयाम दर आयाम/ (Record no. 12138)

MARC details
000 -LEADER
fixed length control field 01109 a2200241 4500
005 - DATE AND TIME OF LATEST TRANSACTION
control field 20080827162836.0
008 - FIXED-LENGTH DATA ELEMENTS--GENERAL INFORMATION
fixed length control field 080827t xxu||||| |||| 00| 0 hin d
010 ## - LIBRARY OF CONGRESS CONTROL NUMBER
LC control number HIN-83316
020 ## - INTERNATIONAL STANDARD BOOK NUMBER
Terms of availability 170.00
International Standard Book Number 8188854271
035 ## - SYSTEM CONTROL NUMBER
System control number HN-55662
037 ## - SOURCE OF ACQUISITION
Source of stock number/acquisition पु.प्र.अ.प्र / प्रका
082 ## - DEWEY DECIMAL CLASSIFICATION NUMBER
Classification number 822
100 ## - MAIN ENTRY--PERSONAL NAME
Personal name चक्रवर्ती, पुरूषोत्तम
245 ## - TITLE STATEMENT
Title आयाम दर आयाम/
Statement of responsibility, etc पुरूषोत्तम चक्रवर्ती
246 ## - VARYING FORM OF TITLE
Title proper/short title Aayam dar aayam
Remainder of title by Purshottam Chakarvarti
260 ## - PUBLICATION, DISTRIBUTION, ETC. (IMPRINT)
Place of publication, distribution, etc दिल्ली
Name of publisher, distributor, etc संदर्भ प्रकाशन
Date of publication, distribution, etc 2006
270 ## - ADDRESS
Address वी-8, नवीन शाहदरा
City दिल्ली
Postal code 110032
300 ## - PHYSICAL DESCRIPTION
Extent 136पृ
Dimensions 22 सेमी (सजिल्द)
650 ## - SUBJECT ADDED ENTRY--TOPICAL TERM
Topical term or geographic name as entry element हिन्दी नाटक
650 ## - SUBJECT ADDED ENTRY--TOPICAL TERM
Topical term or geographic name as entry element Hindi Stories
942 ## - ADDED ENTRY ELEMENTS (KOHA)
Institution code [OBSOLETE] dpl
Koha item type Hindi Books
Call number prefix 822 / चक्रव
Source of classification or shelving scheme Dewey Decimal Classification
Classification part 822
Call number suffix चक्रव
Holdings
Withdrawn status Lost status Damaged status Not for loan Home library Current library Date acquired Cost, normal purchase price Total Checkouts Full call number Barcode Date last seen Copy number Uniform Resource Identifier Cost, replacement price Price effective from Koha item type
        D.B.Act.Division D.B.Act.Division   170.00   822 चक्रव HN-55662 15/09/2008 1 13299 170.00 15/09/2008 Hindi Books

© Delhi Public Library
Hit Counter
free hit counter